| 000 | 00650nam a22001697a 4500 | ||
|---|---|---|---|
| 999 |
_c63999 _d63999 |
||
| 005 | 20260306112355.0 | ||
| 008 | 260306s1996 enk||||| |||| 00| 0 eng d | ||
| 041 | _aeng | ||
| 080 | _a070:32:316.74(520) M-46 | ||
| 245 |
_aMedia and Politics in Japan / _cEdited by Susan J. Pharr, Ellis S. Krauss. |
||
| 264 |
_aHonolulu : _bUniversity of Hawaii Press, _c1996. |
||
| 300 |
_a389 p.; _b23 cm. |
||
| 653 | _aმედია და პოლიტიკა იაპონიაში | ||
| 700 |
_aPharr, Susan J. _eრედაქტორი _927067 |
||
| 700 |
_aKrauss, Ellis S. _eრედაქტორი _927068 |
||
| 942 |
_2udc _cᲬᲘᲒᲜᲘ |
||